000 00278nam a22001217a 4500
008 170612b xxu||||| |||| 00| 0 eng d
041 _aeng
080 _23 ED
_a94(4)
100 _a19
101 _aSHP
245 _aTWENTIETH CENTURY RUSSIA
_ctreadgold.d.w
942 _2udc
_cBK
999 _c16821
_d16821